• 首页
  • 本馆介绍
  • 公告通知
  • 最新文献
  • 馆藏检索
  • 电子资源
  • 读者导购
  • 参考咨询
  • 我的图书馆
  • 登录
  • 详细信息显示
  • 放入我的书架
  • 预约/预借图书
  • 作者相关作品
  • 分类相关作品
  • 丛书相关作品
  • 出版社相关作品

书目信息

  • 表格格式
  • 工作单格式
  • 卡片格式
题名:
戏剧卷
    
 
作者: 宋宝珍 著
分册:  
出版信息: 北京   东方出版社  2003.02
页数: 336页
开本: 24cm
丛书名:
单 册:
中图分类: J809.1
科图分类:
主题词: 艺术史--世界 , 戏剧史--世界 , 艺术史 , 戏剧史 , 戏剧--艺术理论
电子资源:
ISBN: 7-5060-1534-X
000 00904nam0 2200301 450
001 073000000207
005 20031022134740.0
010    @a7-5060-1534-X@dCNY42.00
100    @a20041223d2003 em y0chiy0110 ea
101 0  @achi
102    @aCN@b110000
105    @aa z 000yy
200 1  @a戏剧卷@Axi ju juan@f宋宝珍著@Fsong bao zhen zhu
210    @a北京@c东方出版社@d2003.02
215    @a336页@c照片@d24cm
300    @a世界艺术史
330    @a本书介绍了世界各时期的戏剧,分为“上古戏剧”、“中古戏剧”、“近古戏剧”、“现当代戏剧”四部分。
606 0  @a艺术史@y世界
606 0  @a戏剧史@y世界
606 0  @a艺术史
606 0  @a戏剧史
606 0  @a戏剧@x艺术理论
690    @aJ809.1@v4
701  0 @a宋宝珍@Asong bao zhen@4著
801  0 @aCN@bNLC@c20041223
905    @aBZT@dJ809.1@e1@f2
906    @dCNY42.00@n0@r1
999    @tC@Axiuxia@a20031022 13:47:36@Mxiuxia@m20031022 13:47:40
    
    戏剧卷/宋宝珍著.-北京:东方出版社,2003.02
    336页:照片;24cm
    世界艺术史
    
    ISBN 7-5060-1534-X:CNY42.00
    本书介绍了世界各时期的戏剧,分为“上古戏剧”、“中古戏剧”、“近古戏剧”、“现当代戏剧”四部分。
●
相关链接 在五车中查询图书 在当当中查询图书 在豆瓣中查询图书


正题名:戏剧卷     索取号:J809.1/1         预约/预借

序号 登录号 条形码 馆藏地/架位号 状态 备注
1 0376759   200886121   样本书库/样002架B面2层2列/ [索取号:J809.1/1] 在馆    
2 0376760   200886130   中心书库中库/ 中库021架B面5列2层15/ [索取号:J809.1/1] 在馆    
山东省滨州职业学院图书馆 欢迎您!
大连网信软件有限公司© 版权所有